[Event "Turkish Cup 2016"]
[Site "Manavgat TUR"]
[Date "2016.02.04"]
[Round "8.46"]
[White "Akdagli, Gokhan"]
[Black "Daghan, Devran"]
[Result "0-1"]
[WhiteElo "1804"]
[BlackElo "2004"]
[WhiteTeam "IZMIR"]
[BlackTeam "KARAMAN"]
[WhiteFideId "6308910"]
[BlackFideId "6371930"]
[EventDate "2016.01.30"]

1. e4 c5 2. c3 d5 3. exd5 Qxd5 4. d4 Nc6 5. Nf3 Bf5 6. Be3 cxd4 7. Nxd4 Bd7 8.
Nd2 Nf6 9. Nb5 Qe5 10. Nf3 Qb8 11. Be2 a6 12. Nbd4 e5 13. Nxc6 Bxc6 14. Qb3 Be7
15. Bc4 O-O 16. Ng5 Qe8 17. O-O h6 18. Bxf7+ Rxf7 19. Qxf7+ Qxf7 20. Nxf7 Kxf7
21. Rad1 Rd8 22. Rxd8 Bxd8 23. Rd1 Be7 24. c4 Ke6 25. Bb6 h5 26. f3 h4 27. Kf2
e4 28. Re1 Kf5 29. Bd4 Bd6 30. Bxf6 gxf6 31. fxe4+ Bxe4 32. g3 Bc5+ 33. Ke2 hxg3
34. hxg3 Kg4 35. Rf1 f5 36. a3 Kxg3 37. b4 Bd4 38. b5 f4 39. bxa6 bxa6 40. a4
f3+ 41. Rxf3+ Bxf3+ 42. Kd3 Bc5 43. Kc3 Bd1 44. a5 Kf4 45. Kd2 Ba4 46. Kc3 Ke5 0-1

[Event "Turkish Cup 2016"]
[Site "Manavgat TUR"]
[Date "2016.02.04"]
[Round "8.47"]
[White "Karaahmetoglu, Ege"]
[Black "Isik, Esref"]
[Result "1-0"]
[WhiteElo "2017"]
[BlackElo "1739"]
[WhiteTeam "ANKARA"]
[BlackTeam "ELAZIG"]
[WhiteFideId "6361145"]
[BlackFideId "34519971"]
[EventDate "2016.01.30"]

1. e4 c5 2. Nf3 Nc6 3. Bb5 e6 4. O-O Nge7 5. c3 d5 6. exd5 Qxd5 7. d4 cxd4 8. c4
Qd6 9. Nxd4 a6 10. Ba4 Bd7 11. Ne2 Qxd1 12. Rxd1 Ng6 13. Nbc3 Nce5 14. Bxd7+
Nxd7 15. Ne4 Be7 16. b3 O-O-O 17. Bb2 f6 18. Nd4 f5 19. Nc3 Ndf8 20. Na4 Bf6 21.
b4 Ne7 22. b5 e5 23. Nb3 Ne6 24. Nb6+ Kc7 25. Nd5+ Nxd5 26. cxd5 Nf4 27. bxa6
Rxd5 28. Rac1+ Kb6 29. Rxd5 Nxd5 30. axb7 Kxb7 31. Nc5+ Ka8 32. Rc4 Nb6 33. Rb4
Rd8 34. g3 Ka7 35. Rb3 Nc4 36. Bc3 Rd5 37. Rb7+ Ka8 38. Rc7 Rd1+ 39. Kg2 Rc1 40.
Rc8+ Ka7 41. Na4 Nb6 42. Nxb6 Kxb6 43. Ba5+ Kxa5 44. Rxc1 Kb4 45. Rc2 e4 46. h4
Bc3 47. a4 Be5 48. a5 Kb5 49. a6 Kxa6 50. Rc5 Bd4 51. Rxf5 e3 52. fxe3 Bxe3 53.
Kf3 Bc1 54. Rc5 Bb2 55. Ke4 Kb6 56. Rc2 Bf6 57. Kf5 h6 58. h5 Kb7 59. g4 Kb6 60.
Kg6 Bd4 61. Rd2 Be5 62. Rd7 Kc6 63. Rxg7 Bf4 64. Rh7 1-0

[Event "Turkish Cup 2016"]
[Site "Manavgat TUR"]
[Date "2016.02.04"]
[Round "8.48"]
[White "Tepe, Efe Can"]
[Black "Ceylan, Metin"]
[Result "1-0"]
[WhiteElo "1887"]
[BlackElo "1815"]
[WhiteTeam "ANKARA"]
[BlackTeam "SIIRT"]
[WhiteFideId "6348297"]
[BlackFideId "6309593"]
[EventDate "2016.01.30"]

1. e4 d5 2. exd5 Nf6 3. d4 Nxd5 4. c4 Nb6 5. Nc3 Nc6 6. Be3 Bf5 7. Nf3 e6 8. Be2
Be7 9. O-O Bf6 10. h3 Qd7 11. Qd2 Rd8 12. Rfd1 O-O 13. Rac1 h6 14. d5 Ne5 15. b3
Rfe8 16. Nxe5 Bxe5 17. Bf3 Qe7 18. Qe1 exd5 19. Nxd5 Nxd5 20. Bxd5 c6 21. Bf3
Rxd1 22. Rxd1 Qf6 23. Qa5 Bxh3 24. Qxa7 Bc8 25. Bd4 Bxd4 26. Qxd4 Qxd4 27. Rxd4
Bf5 28. Kf1 Kf8 29. Rd2 Ke7 30. Re2+ Be6 31. Ke1 Rd8 32. Bg4 Rd4 33. Bxe6 fxe6
34. Re3 Rg4 35. g3 g5 36. Ke2 h5 37. Rd3 e5 38. a4 h4 39. gxh4 gxh4 40. a5 Rd4
41. Rf3 c5 42. Rf5 Ke6 43. Rh5 Rg4 44. Rh7 Kf5 45. Rxb7 Rg8 46. Rh7 Ra8 47. Rxh4
Rxa5 48. Rh8 Ra2+ 49. Ke3 Rc2 50. Kd3 Rb2 51. Kc3 Re2 52. Rc8 Ke4 53. Rxc5 Rxf2
54. Rc8 Rf3+ 55. Kb4 Kd3 56. c5 Kc2 57. Kc4 Rxb3 58. Kd5 Rd3+ 59. Kxe5 Kc3 60.
c6 Kc4 61. Rh8 Rd5+ 62. Ke6 Rd1 63. c7 Re1+ 64. Kf5 1-0

[Event "Turkish Cup 2016"]
[Site "Manavgat TUR"]
[Date "2016.02.04"]
[Round "9.2"]
[White "Haznedaroglu, Kivanc"]
[Black "Dogan, Ali Ekber"]
[Result "1-0"]
[WhiteTitle "GM"]
[WhiteElo "2467"]
[BlackElo "2140"]
[WhiteTeam "MANISA"]
[BlackTeam "MALATYA"]
[WhiteFideId "6300634"]
[BlackFideId "6304540"]
[EventDate "2016.01.30"]

1. d4 Nf6 2. Nf3 g6 3. g3 Bg7 4. Bg2 O-O 5. O-O d6 6. c4 Nbd7 7. Qc2 e5 8. Rd1
Qe7 9. Nc3 c6 10. e4 exd4 11. Nxd4 Ne5 12. Qe2 a6 13. h3 Re8 14. b3 Rb8 15. Be3
Qc7 16. Rac1 h5 17. f4 Ned7 18. Qf2 c5 19. Nde2 b5 20. cxb5 Bb7 21. bxa6 Nxe4
22. Nxe4 Bxe4 23. Bxe4 Rxe4 24. Nc3 Ree8 25. f5 Nf6 26. Bf4 Rb6 27. Qc2 Kh7 28.
fxg6+ fxg6 29. Nd5 Nxd5 30. Rxd5 Qf7 31. Qc4 Rxa6 32. Rc2 Qe6 33. Kh2 Rb6 34.
Qd3 Bd4 35. Rxh5+ Kg7 36. Rg5 d5 37. h4 Qe1 38. Rg2 Rh8 39. Bd2 Qe6 40. Re2 Qf7
41. Bc3 Bxc3 42. Qxc3+ Rf6 43. Qxc5 Re8 44. Rd2 Rfe6 45. Qf2 Rf6 46. Qg2 Rd8 47.
Rgxd5 Rxd5 48. Qxd5 Rf2+ 49. Kh3 Rxd2 50. Qxd2 1-0

[Event "Turkish Cup 2016"]
[Site "Manavgat TUR"]
[Date "2016.02.04"]
[Round "9.3"]
[White "Firat, Burak"]
[Black "Eminov, Orkhan"]
[Result "1-0"]
[WhiteTitle "IM"]
[BlackTitle "FM"]
[WhiteElo "2452"]
[BlackElo "2263"]
[WhiteTeam "ISTANBUL"]
[BlackTeam "ANKARA"]
[WhiteFideId "6305881"]
[BlackFideId "13402153"]
[EventDate "2016.01.30"]

1. c4 g6 2. Nc3 Bg7 3. g3 e5 4. Bg2 Nc6 5. e3 f5 6. Nge2 Nf6 7. d3 d6 8. b3 O-O
9. O-O Ne7 10. Bb2 g5 11. f4 gxf4 12. exf4 c6 13. Qd2 h5 14. Rae1 Qb6+ 15. c5
Qxc5+ 16. d4 Qb6 17. Na4 Qd8 18. dxe5 Ne4 19. Bxe4 fxe4 20. exd6 Bxb2 21. Qxb2
Nd5 22. Nec3 Bh3 23. Rf2 e3 24. Rfe2 Qxd6 25. Nxd5 cxd5 26. Rxe3 b5 27. Re5 Bf5
28. Nc3 Rac8 29. Nxd5 Rc2 30. Qd4 1-0

[Event "Turkish Cup 2016"]
[Site "Manavgat TUR"]
[Date "2016.02.04"]
[Round "9.4"]
[White "Erdogdu, Mert"]
[Black "Kerigan, Demre"]
[Result "1-0"]
[WhiteTitle "IM"]
[BlackTitle "IM"]
[WhiteElo "2438"]
[BlackElo "2378"]
[WhiteTeam "ISTANBUL"]
[BlackTeam "ISTANBUL"]
[WhiteFideId "6301495"]
[BlackFideId "6307841"]
[EventDate "2016.01.30"]

1. e4 d6 2. d4 Nf6 3. Nc3 c6 4. Bd3 e5 5. Nf3 Nbd7 6. O-O Be7 7. a4 O-O 8. Re1
exd4 9. Nxd4 Nc5 10. a5 Nxd3 11. Qxd3 Re8 12. a6 Qd7 13. Nf5 Bf8 14. Bg5 Qe6 15.
Nd4 Qe7 16. f4 Qd8 17. Kh1 h6 18. Bh4 Ng4 19. Qg3 Qb6 20. axb7 Qxb7 21. h3 g5
22. fxg5 hxg5 23. Bxg5 Qb6 24. Nb3 1-0

[Event "Turkish Cup 2016"]
[Site "Manavgat TUR"]
[Date "2016.02.04"]
[Round "9.5"]
[White "Arat, Ufuk Sezen"]
[Black "Demircioglu, Emre"]
[Result "1-0"]
[WhiteTitle "IM"]
[WhiteElo "2421"]
[BlackElo "2207"]
[WhiteTeam "ISTANBUL"]
[BlackTeam "ISTANBUL"]
[WhiteFideId "6309089"]
[BlackFideId "6301878"]
[EventDate "2016.01.30"]

1. d4 Nf6 2. c4 e6 3. g3 d5 4. Nf3 Bb4+ 5. Bd2 Be7 6. Bg2 c6 7. Qc2 Nbd7 8. O-O
O-O 9. Rd1 Ne4 10. Bc1 f5 11. b3 a5 12. Ba3 Bxa3 13. Nxa3 Qe7 14. Qb2 b6 15. e3
Bb7 16. Rac1 g5 17. Ne5 Nxe5 18. dxe5 Nc5 19. Nc2 f4 20. exf4 gxf4 21. Nd4 Ne4
22. cxd5 cxd5 23. Nb5 Nc5 24. Nd6 Ba6 25. Qd4 Be2 26. Rd2 f3 27. Rc3 Kh8 28. h4
Rad8 29. Bh3 Ne4 30. Nxe4 dxe4 31. Qe3 Rxd2 32. Qxd2 Bd3 33. Rc6 Qb4 34. Qe3 Qb5
35. Qh6 Qb4 36. Kh2 e3 37. Rc7 1-0

[Event "Turkish Cup 2016"]
[Site "Manavgat TUR"]
[Date "2016.02.04"]
[Round "9.6"]
[White "Gokerkan, Cem Kaan"]
[Black "Soysal, Serkan"]
[Result "1/2-1/2"]
[BlackTitle "FM"]
[WhiteElo "2220"]
[BlackElo "2349"]
[WhiteTeam "ISTANBUL"]
[BlackTeam "KAHRAMANMARAS"]
[WhiteFideId "6336760"]
[BlackFideId "6349250"]
[EventDate "2016.01.30"]

1. e4 e6 2. d4 d5 3. Nd2 Be7 4. Ngf3 Nf6 5. e5 Nfd7 6. Bd3 c5 7. c3 b6 8. O-O
Ba6 9. Bxa6 Nxa6 10. Qe2 Qc8 11. a3 Nc7 12. Re1 Qa6 13. Qxa6 Nxa6 14. Nf1 c4 15.
Bg5 Bf8 16. Ng3 b5 17. h4 h6 18. Be3 Nb6 19. h5 Na4 20. Re2 Nc7 21. Nh2 a5 22.
f4 g6 23. Ng4 Kd7 24. Kf2 b4 25. axb4 axb4 26. cxb4 Nxb2 27. Nf6+ Kc6 28. b5+
Kb7 29. Rxa8 Nd3+ 30. Kf3 Nxa8 31. Nd7 Nc7 32. b6 Na6 33. f5 g5 34. Ra2 Be7 35.
Kg4 Rd8 36. fxe6 fxe6 37. Nf6 Kxb6 38. Bxg5 hxg5 39. h6 Bf8 40. Kxg5 Nab4 41.
Ra1 Bxh6+ 42. Kxh6 Rh8+ 43. Kg7 Rh2 44. Rg1 Nf4 45. Ng4 Rxg2 46. Rxg2 Nxg2 47.
Ne2 Nd3 48. Kf6 Ngf4 49. Nc3 Kc6 50. Ke7 Nc1 51. Ne3 Nce2 52. Nxe2 Nxe2 53. Nc2
Nf4 54. Kf6 Kd7 55. Kg5 Nd3 56. Kf6 Nf2 57. Kf7 Ng4 58. Kf8 c3 59. Kf7 Nh2 60.
Kf6 Nf3 61. Kf7 1/2-1/2

[Event "Turkish Cup 2016"]
[Site "Manavgat TUR"]
[Date "2016.02.04"]
[Round "9.7"]
[White "Yurtseven, Melih"]
[Black "Okus, Melih"]
[Result "1/2-1/2"]
[WhiteTitle "FM"]
[WhiteElo "2332"]
[BlackElo "2013"]
[WhiteTeam "KAYSERI"]
[BlackTeam "IZMIR"]
[WhiteFideId "6312160"]
[BlackFideId "6305407"]
[EventDate "2016.01.30"]

1. e4 c5 2. Nf3 Nc6 3. d4 cxd4 4. Nxd4 g6 5. c4 Nf6 6. Nc3 Nxd4 7. Qxd4 d6 8.
Be2 Bg7 9. Be3 O-O 10. Qd2 a5 11. O-O a4 12. Rfc1 Be6 13. Rab1 Qa5 14. f3 Nd7
15. Rc2 Rfc8 16. b4 axb3 17. axb3 Qb4 18. Qc1 Qa3 19. Qd1 f5 20. Nb5 Qa5 21. Nd4
Qe5 22. g3 Bf7 23. Nb5 fxe4 24. f4 Qf6 25. Nc3 h5 26. Nd5 Bxd5 27. Qxd5+ Qf7 28.
Qxe4 Nc5 29. Qd5 Qxd5 30. cxd5 Ne4 31. Rxc8+ Rxc8 32. Bd3 Nc3 33. Rc1 Rc7 34.
Kg2 Kf7 35. Bb6 Rc8 36. f5 g5 37. Be2 g4 38. Ba5 Rc5 39. Bxc3 Rxc3 40. Rxc3 Bxc3
41. Bb5 Kf6 42. Bd7 Ke5 43. Be6 Ke4 44. Kf2 b5 45. Ke2 b4 46. Bf7 h4 47. gxh4
Be5 48. h5 Kxf5 49. h6 Bxh2 50. h7 Be5 51. Ke3 Kg5 52. Be6 Kh4 53. Kf2 Kg5 54.
Ke3 g3 55. Kf3 Kg6 56. h8=Q Bxh8 57. Kxg3 1/2-1/2

[Event "Turkish Cup 2016"]
[Site "Manavgat TUR"]
[Date "2016.02.04"]
[Round "9.8"]
[White "Samani, Yamac"]
[Black "Koksal, Ege"]
[Result "0-1"]
[BlackTitle "FM"]
[WhiteElo "2076"]
[BlackElo "2331"]
[WhiteTeam "K.K.T.C."]
[BlackTeam "MANISA"]
[WhiteFideId "6352634"]
[BlackFideId "6317626"]
[EventDate "2016.01.30"]

1. e4 g6 2. d4 Bg7 3. Nc3 c6 4. f4 d5 5. e5 h5 6. Be3 Nh6 7. Nf3 Qb6 8. Na4 Qa5+
9. c3 Bg4 10. Nc5 Qb6 11. Rb1 Nd7 12. Nxd7 Bxd7 13. Bd3 Bf5 14. O-O e6 15. Kh1
Bf8 16. Bf2 Be7 17. b4 Qc7 18. a4 Kf8 19. a5 Kg7 20. Bh4 b6 21. Bxe7 Qxe7 22.
Bxf5 Nxf5 23. Qa4 Qc7 24. Ra1 c5 25. axb6 axb6 26. Qb5 cxd4 27. cxd4 Rhc8 28.
Qd3 Qc4 29. Qxc4 dxc4 30. b5 Ne3 31. Rxa8 Rxa8 32. Rc1 Ra2 33. Ne1 Rb2 34. h3
Rxb5 35. Nc2 Nxc2 36. Rxc2 Rb1+ 37. Kh2 b5 38. Kg3 Rd1 39. Rb2 c3 0-1

[Event "Turkish Cup 2016"]
[Site "Manavgat TUR"]
[Date "2016.02.04"]
[Round "9.9"]
[White "Apaydin, Fethi"]
[Black "Yelligedik, Murat"]
[Result "1-0"]
[WhiteTitle "FM"]
[WhiteElo "2234"]
[BlackElo "1936"]
[WhiteTeam "ISTANBUL"]
[BlackTeam "BURDUR"]
[WhiteFideId "6302521"]
[BlackFideId "6366457"]
[EventDate "2016.01.30"]

1. e4 c5 2. Nc3 Nc6 3. g3 g6 4. Bg2 Bg7 5. d3 d6 6. f4 Nf6 7. Nf3 Bg4 8. h3 Bxf3
9. Qxf3 O-O 10. O-O Rb8 11. g4 Nd7 12. g5 Nd4 13. Qf2 b5 14. Nd5 b4 15. f5 Be5
16. f6 exf6 17. gxf6 Re8 18. Kh1 Re6 19. Bg5 Nb5 20. Ne7+ Kh8 21. Nc6 Qc7 22.
Nxe5 dxe5 23. Qh4 Qd8 24. Rf2 Ra6 25. Bf3 Nd4 26. Bg4 Nf8 27. Qh6 Nde6 28. h4 b3
29. cxb3 Qxd3 30. Bf3 Rxa2 31. Rxa2 Qb1+ 32. Kg2 Qxa2 33. Rd2 Qxb3 34. h5 Qa2
35. Kg3 Qa1 36. Be3 Nd7 37. Rxd7 gxh5 38. Rd1 Rg8+ 39. Qg7+ Nxg7 40. Rxa1 Nf5+
41. Kf2 Nxe3 42. Kxe3 Rg6 43. Bxh5 Rxf6 44. Rxa7 Kg7 45. Rc7 Rb6 46. Rxf7+ Kh6
47. Bd1 Rxb2 48. Rf6+ Kg7 49. Rf5 Rb1 50. Bc2 Rb2 51. Kd3 1-0

[Event "Turkish Cup 2016"]
[Site "Manavgat TUR"]
[Date "2016.02.04"]
[Round "9.10"]
[White "Ozkan, Ervin"]
[Black "Yazici, Ugur Doga"]
[Result "1-0"]
[WhiteElo "2242"]
[BlackElo "1965"]
[WhiteTeam "BURSA"]
[BlackTeam "ANKARA"]
[WhiteFideId "6306004"]
[BlackFideId "6363342"]
[EventDate "2016.01.30"]

1. d4 Nf6 2. Bf4 e6 3. e3 Be7 4. Bd3 b6 5. h3 Bb7 6. Nf3 c5 7. c3 Nc6 8. Nbd2
O-O 9. O-O d5 10. Bh2 Bd6 11. Ne5 Qc7 12. f4 Ne7 13. Qf3 Nd7 14. Kh1 f6 15. Qh5
Nf5 16. Bxf5 exf5 17. Qxf5 fxe5 18. Qe6+ Kh8 19. fxe5 Rxf1+ 20. Rxf1 Bf8 21. Rf7
Bc6 22. Qf5 Qd8 23. e6 Nf6 24. Be5 Kg8 25. Bxf6 1-0

[Event "Turkish Cup 2016"]
[Site "Manavgat TUR"]
[Date "2016.02.04"]
[Round "9.11"]
[White "Baglan, Esat"]
[Black "Ozveren, Ali Bulent"]
[Result "1-0"]
[WhiteTitle "FM"]
[WhiteElo "2238"]
[BlackElo "1953"]
[WhiteTeam "ISTANBUL"]
[BlackTeam "BOLU"]
[WhiteFideId "6309216"]
[BlackFideId "6303188"]
[EventDate "2016.01.30"]

1. e4 e5 2. Nf3 Nc6 3. Bb5 Nf6 4. O-O Nxe4 5. d4 Nd6 6. Bxc6 dxc6 7. dxe5 Nf5 8.
Qxd8+ Kxd8 9. Nc3 h6 10. h3 b6 11. Bf4 g5 12. Rad1+ Ke8 13. Bh2 Be6 14. Ne4 Rd8
15. g4 Ng7 16. Nf6+ Ke7 17. Nd4 Bd7 18. Rd2 c5 19. Nd5+ Ke8 20. Nxc7+ Ke7 21.
Nd5+ Ke8 22. Nf6+ Ke7 23. Rfd1 Ra8 24. Nd5+ Kd8 25. Nf5 Nxf5 26. gxf5 Kc8 27.
Nxb6+ axb6 28. Rxd7 Rxa2 29. e6 1-0

[Event "Turkish Cup 2016"]
[Site "Manavgat TUR"]
[Date "2016.02.04"]
[Round "9.12"]
[White "Taskaya, Muhammed"]
[Black "Burcu, Cagatay"]
[Result "0-1"]
[WhiteElo "1911"]
[BlackElo "2193"]
[WhiteTeam "KARAMAN"]
[BlackTeam "ANTALYA"]
[WhiteFideId "6363865"]
[BlackFideId "6310630"]
[EventDate "2016.01.30"]

1. e4 e6 2. d4 d5 3. exd5 exd5 4. Bd3 c5 5. c3 Bd6 6. Ne2 Qf6 7. dxc5 Bxc5 8.
O-O Ne7 9. Na3 O-O 10. Nb5 a6 11. Nbd4 Nbc6 12. Be3 Bd6 13. Qd2 h6 14. f4 Re8
15. Ng3 Nxd4 16. Bxd4 Qh4 17. Rae1 Bd7 18. f5 Nc6 19. Bf2 Ne5 20. Be2 Bc6 21.
Qd4 Qxd4 22. Bxd4 Nc4 23. Bxc4 dxc4 24. Kf2 Kf8 25. Nh5 f6 26. Rd1 Bc7 27. Rfe1
Kf7 28. h3 Ba4 29. Rc1 Rad8 30. g4 Be5 31. Bxe5 fxe5 32. Ng3 Rd5 33. b3 cxb3 34.
axb3 Bxb3 35. Rb1 Rb5 36. Ke3 Rd8 37. Ne4 Bc4 38. Rxb5 Bxb5 39. Nc5 b6 40. Ne6
Rd3+ 41. Ke4 Rxc3 42. Kxe5 Ba4 43. h4 Bb3 44. g5 Bxe6 45. fxe6+ Ke7 46. Kf5 Rc4
47. gxh6 gxh6 48. h5 Rc6 49. Re2 a5 50. Re4 b5 51. Re5 Rb6 52. Rc5 Rb7 53. Ke5
a4 54. Rc3 b4 55. Rg3 Rb5+ 56. Kd4 b3 0-1

[Event "Turkish Cup 2016"]
[Site "Manavgat TUR"]
[Date "2016.02.04"]
[Round "9.13"]
[White "Dalgar, Hakki Berat"]
[Black "Sevgi, Volkan"]
[Result "1/2-1/2"]
[WhiteTitle "CM"]
[BlackTitle "FM"]
[WhiteElo "1982"]
[BlackElo "2197"]
[WhiteTeam "KARAMAN"]
[BlackTeam "MERSIN"]
[WhiteFideId "6347444"]
[BlackFideId "6325335"]
[EventDate "2016.01.30"]

1. d4 Nf6 2. Nf3 b6 3. g3 Bb7 4. Bg2 c5 5. c3 g6 6. O-O Bg7 7. dxc5 bxc5 8. Qb3
Qb6 9. Ne5 d5 10. Nc4 Qxb3 11. axb3 Nc6 12. Na5 Nxa5 13. Rxa5 Nd7 14. Rd1 e6 15.
c4 Ke7 16. cxd5 exd5 17. Bxd5 Bxd5 18. Rxd5 Bd4 19. Be3 Bxe3 20. fxe3 Rhb8 21.
Nd2 Rb6 22. Ne4 c4 23. bxc4 Rxb2 24. Kf2 f5 25. Nc3 Nf6 26. Rdb5 Ng4+ 27. Kf3
Rxb5 28. cxb5 Rc8 29. Rxa7+ Ke6 30. Na4 Nxh2+ 31. Kg2 Ng4 32. b6 Kd6 33. b7 Rb8
34. Ra6+ Kd5 35. Ra5+ Kd6 36. Nc5 Nxe3+ 37. Kg1 Kc6 38. Ra8 Rxb7 39. Nxb7 Kxb7
40. Rh8 Kc6 41. Rxh7 Ng4 42. Rg7 Ne5 43. Kf2 Kd5 44. Ra7 Nc4 45. Kf3 Ke5 46. g4
Nd2+ 47. Ke3 Nc4+ 48. Kd3 Nd6 49. gxf5 gxf5 50. e3 Ne4 51. Ra5+ Kf6 52. Kd4 Nf2
53. Ra6+ Kg5 54. Ra2 Ng4 55. Ra5 Kf6 56. Ra6+ Kg5 57. Re6 f4 58. exf4+ 1/2-1/2

[Event "Turkish Cup 2016"]
[Site "Manavgat TUR"]
[Date "2016.02.04"]
[Round "9.14"]
[White "Gulbeyaz, Emir"]
[Black "Sari, Yasin"]
[Result "1/2-1/2"]
[WhiteElo "1936"]
[BlackElo "2088"]
[WhiteTeam "KARAMAN"]
[BlackTeam "ANTALYA"]
[WhiteFideId "6377076"]
[BlackFideId "6320902"]
[EventDate "2016.01.30"]

1. e4 c5 2. Nf3 d6 3. d4 cxd4 4. Nxd4 Nf6 5. f3 e5 6. Nb3 Be7 7. c4 a5 8. Be3 a4
9. N3d2 Qa5 10. Be2 Bd8 11. O-O Bb6 12. Bf2 O-O 13. Qc2 Nc6 14. Nc3 Nd4 15. Qd3
Nd7 16. Bd1 Nc5 17. Qb1 Ra6 18. Be1 Ba7 19. Nd5 Qd8 20. Kh1 f5 21. b4 axb3 22.
axb3 fxe4 23. Rxa6 bxa6 24. b4 Nd3 25. Nxe4 Nxe1 26. Rxe1 Be6 27. Qd3 Qh4 28. g3
Qd8 29. Kg2 h6 30. Qa3 Qd7 31. Qd3 Kh8 32. Qa3 Bh3+ 33. Kh1 Bf5 34. Ba4 Bxe4 35.
Bxd7 Bxf3+ 36. Qxf3 Rxf3 37. Kg2 Ra3 38. Rf1 Ra2+ 39. Kh3 e4 40. Rf8+ Kh7 41.
Ra8 h5 1/2-1/2

[Event "Turkish Cup 2016"]
[Site "Manavgat TUR"]
[Date "2016.02.04"]
[Round "9.15"]
[White "Benk, Tolga Tugay"]
[Black "Ozalp, Burak"]
[Result "0-1"]
[WhiteElo "1863"]
[BlackElo "2131"]
[WhiteTeam "KARAMAN"]
[BlackTeam "ANKARA"]
[WhiteFideId "6309488"]
[BlackFideId "6314210"]
[EventDate "2016.01.30"]

1. d4 Nf6 2. c4 g6 3. Nc3 Bg7 4. e4 d6 5. h3 O-O 6. Nf3 e5 7. d5 Na6 8. Be3 Nc5
9. Nd2 a5 10. g4 Bd7 11. Qc2 Qb8 12. Be2 Rc8 13. g5 Ne8 14. Bg4 Bxg4 15. hxg4 c6
16. Nb3 Nd7 17. dxc6 bxc6 18. a3 a4 19. Nd2 Nc7 20. O-O d5 21. exd5 cxd5 22.
cxd5 Nxd5 23. Nde4 Ra6 24. Rad1 Nxc3 25. Rxd7 Nxe4 26. Qxe4 Qxb2 27. Qd5 Rf8 28.
Bc5 Qe2 29. f3 Ra5 30. Qd6 e4 31. Rf2 Qe1+ 32. Rf1 Qc3 33. Bb4 Qe3+ 34. Rf2 Raa8
35. Qd5 exf3 36. Bc5 Qe1+ 37. Kh2 Be5+ 0-1

[Event "Turkish Cup 2016"]
[Site "Manavgat TUR"]
[Date "2016.02.04"]
[Round "9.16"]
[White "Ozen, Deniz"]
[Black "Ibik, Halit Yavuz"]
[Result "1-0"]
[WhiteTitle "FM"]
[WhiteElo "2061"]
[BlackElo "1843"]
[WhiteTeam "IZMIR"]
[BlackTeam "ANKARA"]
[WhiteFideId "6349196"]
[BlackFideId "6336108"]
[EventDate "2016.01.30"]

1. e4 c5 2. Nf3 d6 3. c3 Nf6 4. Bd3 Nc6 5. Bc2 e5 6. O-O Be7 7. d3 O-O 8. Nbd2
Qc7 9. Re1 Re8 10. Nf1 d5 11. Ng3 dxe4 12. dxe4 h6 13. h3 Be6 14. Nh4 Bf8 15.
Nhf5 Ne7 16. Qf3 Nxf5 17. Nxf5 Bxf5 18. Qxf5 Qd7 19. Qf3 Nh7 20. Bb3 a6 21. Rd1
Qc7 22. Bd5 Nf6 23. Be3 c4 24. Qf5 Rad8 25. Rd2 Nxd5 26. Rxd5 Rxd5 27. exd5 Rd8
28. Rd1 Bd6 29. Qe4 b5 30. g4 Qe7 31. Kg2 Re8 32. Ra1 Qc7 33. Rd1 Qa5 34. a3 Qc7
35. Re1 Rd8 36. Qf5 Qb7 37. Rd1 Bb8 38. Qe4 Bd6 39. f3 Qc7 40. Bf2 f6 41. Be3
Bc5 42. h4 Bxe3 43. Qxe3 Qb7 44. Qc5 Rc8 45. Qd6 Kh8 46. Qe6 Rg8 47. d6 Qb6 48.
Qd5 Qe3 49. Qd2 Qxd2+ 50. Rxd2 Rd8 51. f4 Kg8 52. Kf3 exf4 53. Ke4 Kf7 54. Kd5
Rd7 55. h5 Ke8 56. Ke6 Kd8 57. Rf2 Rb7 58. Rxf4 Rb6 59. Rd4 Rb7 60. Rd5 Rd7 61.
Rc5 Rb7 62. Rc6 Ra7 63. Rb6 Kc8 64. d7+ Kc7 65. Rc6+ 1-0

[Event "Turkish Cup 2016"]
[Site "Manavgat TUR"]
[Date "2016.02.04"]
[Round "9.17"]
[White "Ozbay, Ece"]
[Black "Koc, Ilkay"]
[Result "0-1"]
[WhiteTitle "WCM"]
[WhiteElo "1742"]
[BlackElo "2045"]
[WhiteTeam "MANISA"]
[BlackTeam "BURSA"]
[WhiteFideId "6351743"]
[BlackFideId "6304486"]
[EventDate "2016.01.30"]

1. e4 d5 2. exd5 Nf6 3. d4 Nxd5 4. Nf3 Bf5 5. Bd3 Bxd3 6. Qxd3 e6 7. c4 Nf6 8.
Nc3 Be7 9. Be3 c6 10. O-O-O Qa5 11. Bd2 Qc7 12. Ne5 Nbd7 13. f4 b5 14. cxb5 cxb5
15. Qxb5 O-O 16. Qc6 Qd8 17. Qa4 Nb6 18. Qb5 a6 19. Qd3 Qc7 20. g4 Nfd5 21. g5
Nb4 22. Qb1 Na4 23. Rdf1 Rab8 24. Kd1 Nxc3+ 25. bxc3 Nd5 26. Qd3 Rb2 27. h4 Qa5
28. h5 Qxa2 29. g6 Nxc3+ 30. Qxc3 Bb4 31. gxf7+ Rxf7 32. Qxb4 Rxb4 33. Bxb4 Qb1+
34. Ke2 Qe4+ 35. Kd2 Qxd4+ 36. Ke2 Qe4+ 37. Kd1 Rb7 38. Bc3 Rb1+ 39. Kd2 Qg2+
40. Ke3 Rxf1 41. Rxf1 Qxf1 42. Bd2 Qg1+ 43. Kd3 Qb1+ 44. Ke3 Qh1 45. Nf3 Qxh5
46. Ne5 Qh3+ 47. Kd4 0-1

[Event "Turkish Cup 2016"]
[Site "Manavgat TUR"]
[Date "2016.02.04"]
[Round "9.18"]
[White "Kesgin, Halit Kaan"]
[Black "Metin, Mehmet"]
[Result "1/2-1/2"]
[WhiteElo "1893"]
[BlackElo "2149"]
[WhiteTeam "IZMIR"]
[BlackTeam "ORDU"]
[WhiteFideId "6349137"]
[BlackFideId "6303730"]
[EventDate "2016.01.30"]

1. e4 e6 2. d4 d5 3. Nd2 dxe4 4. Nxe4 Bd7 5. Nf3 Bc6 6. Bd3 Nd7 7. Qe2 Ngf6 8.
O-O Nxe4 9. Bxe4 Bxe4 10. Qxe4 c6 11. b3 Be7 12. Bb2 O-O 13. c4 Qa5 14. a3 Nf6
15. Qc2 Qh5 16. Rfe1 Rad8 17. Rad1 Rfe8 18. Ne5 c5 19. dxc5 Bxc5 20. b4 Bb6 21.
Nf3 Bc7 22. Bxf6 gxf6 23. Qe4 Bxh2+ 24. Kf1 Be5 25. Rxd8 Rxd8 26. Qxb7 Bc3 27.
Qc7 Rd3 28. Qg3+ Kf8 29. Qb8+ Kg7 30. Qg3+ Kf8 31. Qb8+ Ke7 32. Rc1 Rxf3 33.
Qxa7+ Kf8 34. Qa8+ Kg7 35. Qxf3 Qh1+ 36. Ke2 Qxc1 37. Qg3+ Kf8 38. Qb8+ Kg7 39.
Qg3+ Kf8 40. Qb8+ 1/2-1/2

[Event "Turkish Cup 2016"]
[Site "Manavgat TUR"]
[Date "2016.02.04"]
[Round "9.19"]
[White "Marasli, Tutku Kahraman"]
[Black "Percin, Onder"]
[Result "0-1"]
[WhiteElo "2145"]
[BlackElo "1944"]
[WhiteTeam "KAYSERI"]
[BlackTeam "HATAY"]
[WhiteFideId "6307493"]
[BlackFideId "6345190"]
[EventDate "2016.01.30"]

1. d4 Nf6 2. c4 g6 3. g3 Bg7 4. Bg2 d6 5. Nf3 O-O 6. O-O Nbd7 7. Nc3 c6 8. b3
Re8 9. Bb2 e5 10. dxe5 dxe5 11. Qc2 Nc5 12. Rad1 Qa5 13. e4 Bg4 14. a3 Ne6 15.
b4 Qc7 16. Ne2 Bxf3 17. Bxf3 b6 18. Bg2 Rad8 19. h3 c5 20. Kh2 Nd4 21. Bxd4 exd4
22. f4 Kh8 23. b5 Qe7 24. e5 Ng8 25. Bc6 Rf8 26. Bd5 f6 27. e6 f5 28. Rfe1 Nf6
29. Qb3 Rd6 30. Ng1 Re8 31. Nf3 Nxd5 32. cxd5 Qb7 33. Ng5 Qxd5 34. Nf7+ Kg8 35.
Nxd6 Qxb3 36. Nxe8 Bf8 37. g4 Be7 38. gxf5 Qc2+ 39. Kg3 Qxf5 40. Nc7 Bh4+ 41.
Kf3 Qxh3+ 42. Ke4 Qf5+ 43. Kf3 Bg5 44. Re4 Qh3+ 45. Ke2 Qg4+ 46. Kd2 Bxf4+ 47.
Kd3 Qxd1+ 48. Kc4 Qf1+ 49. Kd5 Bxc7 0-1